| 000 | 00694nam a2200229 a 4500 | ||
|---|---|---|---|
| 005 | 20230208063857.0 | ||
| 008 | 061122s2005 mx r 000 0 spa d | ||
| 020 | _a8496293947 (10 dígitos) | ||
| 020 | _a9788496950351 (13 dígitos) | ||
| 035 | _aUPN01000150355 | ||
| 049 | _aCG | ||
| 050 | 4 |
_aHV5066 _bL6.3 |
|
| 100 | 1 |
_aLorenzo Pontevedra, María del Carmen _938406 |
|
| 245 | 1 | 0 |
_aAlcohol / _cMa. Carmen Lorenzo Pontevedra. |
| 260 |
_aVigo, Esp. : _bNova Galicia, _c2005. |
||
| 300 |
_a53 p. : _bil. col. |
||
| 440 | 0 | _aSaber para vivir | |
| 650 | 4 |
_aALCOHOL Y JUVENTUD _92114 |
|
| 650 | 4 |
_aALCOHOL - _xEFECTOS FISIOLOGICOS _92109 |
|
| 650 | 4 |
_aAbuso de drogas _9242 |
|
| 905 | _aLibro | ||
| 999 |
_c122496 _d122496 |
||